[Event "Stuttgart-chA int"]
[Site "Gerlingen"]
[Date "2007.05.19"]
[Round "5"]
[White "Ulmer, Micha"]
[Black "Grob, Sascha"]
[Result "1-0"]
[WhiteElo "1954"]
[BlackElo "1768"]
[PlyCount "57"]
[EventDate "2007.05.17"]
[EventType "swiss"]
[EventRounds "7"]
[EventCountry "GER"]
[SourceTitle "EXT 2018"]
[Source "ChessBase"]
[SourceDate "2017.10.13"]
[SourceVersion "1"]
[SourceVersionDate "2017.10.13"]
[SourceQuality "1"]

1. e4 e5 2. Nf3 Nc6 3. Bb5 a6 4. Ba4 b5 5. Bb3 Nf6 6. 0-0 Be7 7. Re1 0-0 8. c3 Bb7 9. d4 d6 10. Nbd2 Na5 11. Bc2 Nd7 12. Nf1 exd4 13. cxd4 c5 14. Ng3 Re8 15. Bf4 d5 16. e5 c4 17. Nf5 Bf8 18. Ng5 g6 19. Qg4 Bc8 20. Qh4 h5 21. Ng3 f5 22. Nxh5 gxh5 23. Qxh5 Qe7 24. Bxf5 Nf6 25. Qg6+ Bg7 26. Be6+ Bxe6 27. exf6 Qxf6 28. Qh7+ Kf8 29. Bd6+ 1-0

[Event "Stuttgart-chA int"]
[Site "Gerlingen"]
[Date "2007.05.18"]
[Round "4"]
[White "Schmid, Eugen"]
[Black "Ulmer, Micha"]
[Result "1-0"]
[WhiteElo "1859"]
[BlackElo "1954"]
[PlyCount "49"]
[EventDate "2007.05.17"]
[EventType "swiss"]
[EventRounds "7"]
[EventCountry "GER"]
[SourceTitle "EXT 2018"]
[Source "ChessBase"]
[SourceDate "2017.10.13"]
[SourceVersion "1"]
[SourceVersionDate "2017.10.13"]
[SourceQuality "1"]

1. d4 Nf6 2. Nf3 e6 3. c4 b6 4. g3 Bb7 5. Bg2 Be7 6. Nc3 d5 7. cxd5 exd5 8. 0-0 0-0 9. Bf4 Nc6 10. Rc1 Nh5 11. Be3 Re8 12. Qc2 a6 13. Nxd5 Qxd5 14. Nh4 Qxa2 15. Bxc6 Bxc6 16. Qxc6 Bxh4 17. gxh4 Rac8 18. Qf3 Nf6 19. Rc2 h6 20. Rfc1 Re4 21. Bf4 Rxd4 22. e3 Rd7 23. Bxc7 Nd5 24. Qg3 h5 25. Be5 1-0

[Event "Stuttgart-chA int"]
[Site "Gerlingen"]
[Date "2007.05.18"]
[Round "3"]
[White "Ulmer, Micha"]
[Black "Nabavi, Parwis"]
[Result "0-1"]
[WhiteElo "1954"]
[BlackElo "2173"]
[PlyCount "64"]
[EventDate "2007.05.17"]
[EventType "swiss"]
[EventRounds "7"]
[EventCountry "GER"]
[SourceTitle "EXT 2018"]
[Source "ChessBase"]
[SourceDate "2017.10.13"]
[SourceVersion "1"]
[SourceVersionDate "2017.10.13"]
[SourceQuality "1"]

1. e4 c5 2. Nf3 d6 3. d4 cxd4 4. Nxd4 Nf6 5. Nc3 Nc6 6. g3 Bg4 7. f3 Bd7 8. Be3 e6 9. Bg2 Be7 10. 0-0 0-0 11. f4 Nxd4 12. Bxd4 Bc6 13. Qe2 Qc7 14. Be3 b6 15. g4 Qb7 16. Qf3 b5 17. g5 Nd7 18. a3 b4 19. axb4 Qxb4 20. Bd2 Qb7 21. Qh5 Nc5 22. Rae1 Qxb2 23. Rf3 Qxc2 24. Rh3 h6 25. Bc1 Nd3 26. Rd1 Nxc1 27. gxh6 g6 28. Rg3 Kh7 29. Qg4 Rg8 30. h4 f5 31. Qf3 Bxe4 32. Nxe4 fxe4 0-1

[Event "Stuttgart-chA int"]
[Site "Gerlingen"]
[Date "2007.05.17"]
[Round "1"]
[White "Ulmer, Micha"]
[Black "Scheeff, Volker"]
[Result "1/2-1/2"]
[WhiteElo "1954"]
[BlackElo "2165"]
[PlyCount "82"]
[EventDate "2007.05.17"]
[EventType "swiss"]
[EventRounds "7"]
[EventCountry "GER"]
[SourceTitle "EXT 2018"]
[Source "ChessBase"]
[SourceDate "2017.10.13"]
[SourceVersion "1"]
[SourceVersionDate "2017.10.13"]
[SourceQuality "1"]

1. e4 d5 2. exd5 Nf6 3. d4 Bg4 4. Nf3 Qxd5 5. Be2 Nc6 6. h3 Bxf3 7. Bxf3 Qd7 8. Be3 0-0-0 9. c3 e5 10. Qb3 e4 11. Be2 Nd5 12. Nd2 f5 13. c4 Nxe3 14. fxe3 Qd6 15. 0-0-0 Qb4 16. a3 Qxb3 17. Nxb3 g6 18. d5 Ne5 19. Nd4 Bh6 20. Nc2 Rd6 21. Rhf1 c6 22. dxc6 Rxc6 23. b3 Rd8 24. Rxd8+ Kxd8 25. Rd1+ Ke7 26. Rd5 Kf6 27. Kd2 Rc7 28. Kc3 Rd7 29. Rxd7 Nxd7 30. Kd4 Ke6 31. c5 Bg7+ 32. Kc4 Ne5+ 33. Kb5 Kd7 34. g4 Kc7 35. gxf5 a6+ 36. Ka4 Nd3 37. fxg6 Nxc5+ 38. Kb4 Nd3+ 39. Kc4 b5+ 40. Kd5 hxg6 41. Nd4 Bh6 1/2-1/2

[Event "Wuerttemberg-chB"]
[Site "Balingen"]
[Date "2006.08.31"]
[Round "6"]
[White "Kolb, Roland"]
[Black "Ulmer, Micha"]
[Result "1-0"]
[WhiteElo "2102"]
[BlackElo "1873"]
[PlyCount "103"]
[EventDate "2006.08.26"]
[EventType "swiss"]
[EventRounds "9"]
[EventCountry "GER"]
[SourceTitle "EXT 2007"]
[Source "ChessBase"]
[SourceDate "2006.11.23"]
[SourceVersion "1"]
[SourceVersionDate "2006.11.23"]
[SourceQuality "1"]

1. c4 Nf6 2. Nc3 e6 3. g3 d5 4. Bg2 c5 5. d3 Be7 6. Nf3 Nc6 7. 0-0 0-0 8. e4 dxe4 9. dxe4 a6 10. h3 Qb6 11. e5 Rd8 12. Qc2 Ne8 13. Ng5 Bxg5 14. Bxg5 Rd4 15. Na4 Qc7 16. Bxc6 Qxc6 17. Be3 Re4 18. Nb6 Rb8 19. Rad1 Kf8 20. Nxc8 Rxc8 21. Qc3 b5 22. b3 Qc7 23. Bf4 Re2 24. a3 Ra2 25. Bd2 Rxa3 26. Qb2 b4 27. Ra1 Rxa1 28. Rxa1 a5 29. Be3 Rd8 30. Qc2 h6 31. Qe4 Kg8 32. g4 Qb6 33. h4 f6 34. g5 f5 35. Qf3 Kh7 36. gxh6 gxh6 37. Qh5 Ng7 38. Qxh6+ Kg8 39. Qf6 Rf8 40. Qe7 Rc8 41. Kh2 Rc7 42. Qd8+ Kh7 43. Rg1 Qb7 44. Qf6 Qc6 45. Bh6 Qb7 46. h5 Rf7 47. Qg6+ Kh8 48. Rd1 Qc7 49. Bxg7+ Rxg7 50. Qxe6 Qe7 51. Qf6 a4 52. Rd8+ 1-0

[Event "Stuttgart-chA int"]
[Site "Ditzingen"]
[Date "2006.05.28"]
[Round "7"]
[White "Ulmer, Micha"]
[Black "Vollmer, Oliver"]
[Result "1/2-1/2"]
[WhiteElo "1813"]
[BlackElo "2035"]
[PlyCount "45"]
[EventDate "2006.05.25"]
[EventType "swiss"]
[EventRounds "7"]
[EventCountry "GER"]
[SourceTitle "EXT 2018"]
[Source "ChessBase"]
[SourceDate "2017.10.13"]
[SourceVersion "1"]
[SourceVersionDate "2017.10.13"]
[SourceQuality "1"]

1. e4 d5 2. exd5 Qxd5 3. Nc3 Qa5 4. d4 c6 5. Nf3 Bf5 6. Be2 e6 7. Nh4 Bg6 8. Nxg6 hxg6 9. Bf4 Bb4 10. Qd3 Nf6 11. a3 Nd5 12. Bd2 Nxc3 13. Bxc3 Bxc3+ 14. Qxc3 Qxc3+ 15. bxc3 Nd7 16. Rb1 0-0-0 17. 0-0 Nf6 18. Rb3 Ne4 19. Rd1 Rd7 20. f3 Nf6 21. Rdb1 Rhd8 22. Kf2 Rc7 23. g3 1/2-1/2

[Event "Baden Wuerttemberg-chB"]
[Site "Illertissen"]
[Date "2005.09.02"]
[Round "7"]
[White "Ulmer, Micha"]
[Black "Ruprich, Udo"]
[Result "0-1"]
[WhiteElo "1737"]
[BlackElo "1995"]
[PlyCount "56"]
[EventDate "2005.08.27"]
[EventType "swiss"]
[EventRounds "9"]
[EventCountry "GER"]
[SourceTitle "CBM 108 Extra"]
[Source "ChessBase"]
[SourceDate "2005.11.04"]
[SourceVersion "1"]
[SourceVersionDate "2005.11.04"]
[SourceQuality "1"]

1. e4 e6 2. d4 b6 3. c4 Bb7 4. Nc3 Bb4 5. Qc2 Qh4 6. Bd3 Ne7 7. a3 Bxc3+ 8. bxc3 f5 9. d5 fxe4 10. Bxe4 exd5 11. cxd5 Bxd5 12. Bxd5 Nxd5 13. Ne2 Nc6 14. 0-0 0-0 15. Qb3 Nce7 16. Nf4 Rf5 17. g3 Qf6 18. Rd1 Qf7 19. Nxd5 Nxd5 20. c4 Nf6 21. Bf4 d6 22. Re1 Rf8 23. Re2 g5 24. Be3 Ng4 25. Rf1 Rf3 26. Qb5 Rf5 27. Qb3 Ne5 28. f4 Nxc4 0-1

[Event "Wuertemberg-ch U12"]
[Site "Germany"]
[Date "2004.04.17"]
[Round "7"]
[White "Ulmer, Micha"]
[Black "Weissbeck, Simon"]
[Result "1/2-1/2"]
[WhiteElo "1563"]
[BlackElo "1033"]
[PlyCount "76"]
[EventDate "2004.04.??"]
[EventType "swiss"]
[EventRounds "7"]
[EventCountry "GER"]
[SourceTitle "EXT 2005"]
[Source "ChessBase"]
[SourceDate "2004.11.15"]
[SourceVersion "1"]
[SourceVersionDate "2004.11.15"]
[SourceQuality "1"]

1. e4 e6 2. d4 d5 3. Nc3 dxe4 4. Nxe4 Nd7 5. Nf3 Ngf6 6. Ng3 b6 7. Bd3 Bb7 8. 0-0 Be7 9. c4 0-0 10. b3 Re8 11. Bb2 c5 12. Qc2 h6 13. Rad1 Qc7 14. Rfe1 Rad8 15. Qc3 Bxf3 16. gxf3 Bf8 17. Kh1 cxd4 18. Qxd4 Bc5 19. Qh4 Bxf2 20. Re2 Bxg3 21. hxg3 Qc5 22. Kg2 Qg5 23. Qxg5 hxg5 24. Bc2 g4 25. f4 Nc5 26. Bxf6 gxf6 27. Red2 Rxd2+ 28. Rxd2 Re7 29. b4 Rd7 30. Rxd7 Nxd7 31. Ba4 Nb8 32. Kf2 Kf8 33. Ke3 Ke7 34. Kd4 Kd6 35. c5+ bxc5+ 36. bxc5+ Kc7 37. Bd1 f5 38. Ba4 Nc6+ 1/2-1/2

[Event "Erlangen op 18th"]
[Site "Erlangen"]
[Date "2003.??.??"]
[Round "5"]
[White "Ulmer, Micha"]
[Black "Huger, Horst"]
[Result "1/2-1/2"]
[WhiteElo "1553"]
[BlackElo "1790"]
[PlyCount "48"]
[EventDate "2003.11.??"]
[EventType "swiss"]
[EventRounds "5"]
[EventCountry "GER"]
[SourceTitle "EXT 2005"]
[Source "ChessBase"]
[SourceDate "2004.11.15"]
[SourceVersion "1"]
[SourceVersionDate "2004.11.15"]
[SourceQuality "1"]

1. e4 e5 2. Nf3 Nc6 3. d4 exd4 4. Nxd4 Nf6 5. Nc3 Nxd4 6. Qxd4 d6 7. Bc4 Be7 8. 0-0 0-0 9. Bg5 Be6 10. Bxe6 fxe6 11. e5 Nd7 12. Bxe7 Qxe7 13. exd6 cxd6 14. Rae1 Ne5 15. Nb5 Qg5 16. Kh1 Ng4 17. f3 Nxh2 18. Kxh2 Qxb5 19. Qxd6 Rf6 20. Kg1 Qxb2 21. Rxe6 Qb6+ 22. Qxb6 axb6 23. Rxf6 gxf6 24. Rb1 Rxa2 1/2-1/2

[Event "GER-ch U10"]
[Site "Winterberg"]
[Date "2002.05.23"]
[Round "9"]
[White "Nuber, Blasius"]
[Black "Ulmer, Micha"]
[Result "1-0"]
[WhiteElo "1239"]
[BlackElo "1372"]
[PlyCount "143"]
[EventDate "2002.05.19"]
[EventType "swiss"]
[EventRounds "11"]
[EventCountry "GER"]
[SourceTitle "CBM 088 Extra"]
[Source "ChessBase"]
[SourceDate "2002.07.01"]
[SourceVersion "2"]
[SourceVersionDate "2002.07.01"]
[SourceQuality "1"]

1. d4 Nf6 2. c4 e6 3. Nc3 Bb4 4. e3 c5 5. a3 Bxc3+ 6. bxc3 Nc6 7. Nf3 0-0 8. Bd3 b6 9. e4 d5 10. e5 Nd7 11. 0-0 f6 12. cxd5 exd5 13. Re1 Re8 14. Bf4 Qc7 15. Qe2 Nd8 16. Qc2 g6 17. Re3 fxe5 18. Nxe5 Nxe5 19. Bxe5 Qf7 20. Rf3 Bf5 21. Bxf5 gxf5 22. Qxf5 Qxf5 23. Rxf5 Nf7 24. Bf6 Re6 25. Bg5 Rae8 26. Be3 Rd6 27. dxc5 bxc5 28. Bxc5 Rde6 29. Be3 Ne5 30. h3 a6 31. Rd1 Nc4 32. Rg5+ Rg6 33. Rxg6+ hxg6 34. Rxd5 Nxe3 35. fxe3 Rxe3 36. Rd6 Kf7 37. Rxa6 Rxc3 38. a4 Ra3 39. a5 Ra1+ 40. Kh2 Kg7 41. Ra8 Kh7 42. h4 Ra2 43. Kh3 Ra3+ 44. g3 Ra4 45. a6 Kg7 46. Ra7+ Kh6 47. Kg2 Ra3 48. g4 g5 49. h5 Ra1 50. Ra8 Kg7 51. a7 Kh7 52. h6 Ra2+ 53. Kf3 Ra3+ 54. Ke2 Ra2+ 55. Kd3 Ra3+ 56. Kc2 Ra2+ 57. Kb3 Ra1 58. Kc4 Ra4+ 59. Kd5 Ra1 60. Ke5 Ra5+ 61. Kf6 Ra6+ 62. Kxg5 Ra5+ 63. Kh4 Ra1 64. Kg5 Ra5+ 65. Kf6 Ra6+ 66. Kf7 Ra1 67. g5 Rf1+ 68. Ke6 Re1+ 69. Kf5 Rf1+ 70. Ke4 Re1+ 71. Kf3 Rd1 72. g6+ 1-0

[Event "GER-ch U10"]
[Site "Winterberg"]
[Date "2002.05.23"]
[Round "8"]
[White "Ulmer, Micha"]
[Black "Park, Johannes"]
[Result "1-0"]
[WhiteElo "1372"]
[BlackElo "1309"]
[PlyCount "87"]
[EventDate "2002.05.19"]
[EventType "swiss"]
[EventRounds "11"]
[EventCountry "GER"]
[SourceTitle "CBM 088 Extra"]
[Source "ChessBase"]
[SourceDate "2002.07.01"]
[SourceVersion "2"]
[SourceVersionDate "2002.07.01"]
[SourceQuality "1"]

1. e4 c5 2. Nf3 e6 3. c3 d5 4. exd5 exd5 5. d4 Nc6 6. Be3 cxd4 7. Nxd4 Nf6 8. Bd3 Bd6 9. Nd2 0-0 10. Qc2 Re8 11. 0-0 Be6 12. Nf5 Ne5 13. Nxd6 Qxd6 14. Bf4 Rac8 15. Rfe1 Bg4 16. h3 Bh5 17. Bb5 Nf3+ 18. Nxf3 Rxe1+ 19. Rxe1 Qxf4 20. Ne5 a6 21. Bd7 Nxd7 22. Nxd7 Qd6 23. Qf5 Rd8 24. Ne5 Bg6 25. Nxg6 hxg6 26. Qg5 b5 27. Rd1 a5 28. Rd2 Qf6 29. Rxd5 Rxd5 30. Qxd5 Qb6 31. Qd4 Qxd4 32. cxd4 Kf8 33. Kf1 Ke7 34. Ke2 Kd6 35. Ke3 Kd5 36. Kd3 f5 37. f4 Ke6 38. b3 Kd5 39. a4 b4 40. g3 Kd6 41. Kc4 Kc6 42. d5+ Kb6 43. Kd4 Kc7 44. Kc5 1-0

[Event "GER-ch U10"]
[Site "Winterberg"]
[Date "2002.05.20"]
[Round "5"]
[White "Strunski, Andreas"]
[Black "Ulmer, Micha"]
[Result "1-0"]
[WhiteElo "1628"]
[BlackElo "1372"]
[PlyCount "96"]
[EventDate "2002.05.19"]
[EventType "swiss"]
[EventRounds "11"]
[EventCountry "GER"]
[SourceTitle "CBM 088 Extra"]
[Source "ChessBase"]
[SourceDate "2002.07.01"]
[SourceVersion "2"]
[SourceVersionDate "2002.07.01"]
[SourceQuality "1"]

1. e4 Nf6 2. e5 Nd5 3. c4 Nb6 4. d4 d6 5. Nf3 Nc6 6. exd6 exd6 7. Bd3 Be7 8. 0-0 Bg4 9. Be3 0-0 10. Nbd2 Bf6 11. Qc2 h6 12. h3 Bd7 13. Ne4 Nb4 14. Qd2 Nxd3 15. Qxd3 d5 16. Nxf6+ Qxf6 17. c5 Nc4 18. Nd2 Bb5 19. Rfe1 Nxe3 20. Qxe3 Rfe8 21. Qb3 Qxd4 22. Rxe8+ Bxe8 23. Qxb7 Rd8 24. Qxc7 Qxb2 25. Rb1 Qf6 26. Qxa7 Bc6 27. Rb6 Qa1+ 28. Nf1 Re8 29. Rxc6 Re1 30. Qa6 d4 31. Rc8+ Kh7 32. Qd3+ g6 33. Qc4 Re7 34. c6 Qd1 35. c7 d3 36. Rf8 Kg7 37. c8Q d2 38. Rg8+ Kh7 39. Rh8+ Kg7 40. Qg8+ Kf6 41. Qf4+ Ke6 42. Qc8+ Rd7 43. Re8+ Kd5 44. Qxd7+ Kc5 45. Qfc7+ Kb4 46. Rb8+ Ka3 47. Qa7+ Qa4 48. Rb3+ Kxa2 1-0

[Event "Wuerttemberg-ch U10"]
[Site "Ludwigsburg"]
[Date "2002.04.02"]
[Round "2"]
[White "Ulmer, Micha"]
[Black "Dinger, Solveig"]
[Result "1-0"]
[WhiteElo "1417"]
[BlackElo "884"]
[PlyCount "49"]
[EventDate "2002.04.??"]
[EventType "swiss"]
[EventRounds "7"]
[EventCountry "GER"]
[SourceTitle "EXT 2003"]
[Source "ChessBase"]
[SourceDate "2002.11.25"]
[SourceVersion "1"]
[SourceVersionDate "2002.11.25"]
[SourceQuality "1"]

1. e4 e5 2. Nf3 Nc6 3. Nc3 Nf6 4. d4 exd4 5. Nxd4 Qe7 6. Nf5 Qe5 7. f4 Qe6 8. Bd3 Bb4 9. Nxg7+ Ke7 10. Nxe6 fxe6 11. Bd2 d5 12. exd5 exd5 13. Qe2+ Be6 14. f5 Nd4 15. Qe3 Bc5 16. Qh6 Bxf5 17. Qg7+ Ke6 18. Bxf5+ Kxf5 19. 0-0+ Ke6 20. Rxf6+ Ke5 21. Re1+ Ne2+ 22. Kh1 Bd4 23. Rxe2+ Be3 24. Rxe3+ Kd4 25. Rc6# 1-0